000 00446nam a2200181 4500
003 LK-CoMWRAF
005 20230905141730.0
008 230905b1973 |||||||| |||| 00| 0 eng d
040 _aLK-CoMWRAF
_dLK-CoMWRAF
_eLK-CoMWRAF
041 _aeng
082 _a823
_bHOL
100 _aHolt, Victoria
245 _aThe Curse of the kings
260 _aGlasgow :
_bWilliam collins,
_c1973
300 _a320p
650 _aEnglish Fiction
942 _cBK
999 _c3407
_d3407